书目信息 |
| 题名: |
西洋番国志
|
|
| 作者: | 巩珍 著 ;向达 校注 | |
| 分册: | ||
| 出版信息: | 北京 华文出版社 2017 |
|
| 页数: | 177页 | |
| 开本: | 23cm | |
| 丛书名: | ||
| 单 册: | ||
| 中图分类: | K91 , K248.105 | |
| 科图分类: | ||
| 主题词: | 国外--概况--中世纪 , 郑和下西洋--史料 , 郑和下西洋--航海图 | |
| 电子资源: | ||
| ISBN: | 978-7-5075-4727-6 | |
| 000 | 01081nam0 2200265 450 | |
| 001 | 2121 | |
| 005 | 20180522165847.19 | |
| 010 | @a978-7-5075-4727-6@dCNY38.00 | |
| 100 | @a20180217d2017 em y0chiy50 ea | |
| 101 | 0 | @achi |
| 102 | @aCN@b110000 | |
| 105 | @aa z 001yy | |
| 200 | 1 | @a西洋番国志@9xi yang fan guo zhi@f(明)巩珍著@g向达校注 |
| 210 | @a北京@c华文出版社@d2017 | |
| 215 | @a177页@c图@d23cm | |
| 330 | @a本书记述了明宣德八年(1433年)郑和船队第七次下西洋时所经过的二十个西洋番邦国家,占城国、爪哇国、旧港国、暹罗国、满剌加国、哑鲁国、苏门答剌国、那孤儿小邦、黎代小邦、南浡里国、锡兰国、小葛兰国、柯枝国、古里国、溜山国、祖法尔国、阿丹国、榜葛剌国、忽鲁谟厮国、天方国的风土人情、社会百态;并且附以自序,明永乐十八年、十九年和宣德五年的三通敕书,以及有关郑和下西洋的金石文献史料。 | |
| 606 | 0 | @a国外@x概况@z中世纪 |
| 606 | 0 | @a郑和下西洋@j史料 |
| 606 | 0 | @a郑和下西洋@x航海图 |
| 690 | @aK91@v5 | |
| 690 | @aK248.105@v5 | |
| 701 | 0 | @c(明)@a巩珍@9gong zhen@4著 |
| 702 | 0 | @a向达@9xiang da@4校注 |
| 801 | 0 | @aCN@b91MARC@c20180217 |
| 905 | @aMuseLib@dK91@e252 | |
| 西洋番国志/(明)巩珍著/向达校注.-北京:华文出版社,2017 |
| 177页:图;23cm |
| ISBN 978-7-5075-4727-6:CNY38.00 |
| 本书记述了明宣德八年(1433年)郑和船队第七次下西洋时所经过的二十个西洋番邦国家,占城国、爪哇国、旧港国、暹罗国、满剌加国、哑鲁国、苏门答剌国、那孤儿小邦、黎代小邦、南浡里国、锡兰国、小葛兰国、柯枝国、古里国、溜山国、祖法尔国、阿丹国、榜葛剌国、忽鲁谟厮国、天方国的风土人情、社会百态;并且附以自序,明永乐十八年、十九年和宣德五年的三通敕书,以及有关郑和下西洋的金石文献史料。 |
| ● |
| 相关链接 |
|
|
|
|
正题名:西洋番国志
索取号:K91/252
 
预约/预借
| 序号 | 登录号 | 条形码 | 馆藏地/架位号 | 状态 | 备注 |
| 1 | 1108037 | 211080373 | 第二样本阅览室/ [索取号:K91/252] | 在馆 | |
| 2 | 1108038 | 211080382 | 教育系资料室/ [索取号:K91/252] | 在馆 | |
| 3 | 1108039 | 211080391 | 教育系资料室/ [索取号:K91/252] | 在馆 | |
| 4 | 1108040 | 211080408 | 第二借阅区/ [索取号:K91/252] | 在馆 |